00754 2200217 4500001002100000005001500021035002000036007000300056008004100059082002100100084002700121100002500148245014200173260007400315300002900389650001700418650002200435700002100457856003400478990002400512INLIS00000000000856620260625020254 a0010-0626000135ta260625 0 ind  a636.2/.3:001.895 a636.2/.3:001.895 SAN p0 aSANKARTO, Bambang s.1 aPengembangan Inovasi Pertanian Vol. 4 No. 3, 2011 Pengembangan Produksi ternak Ruminansia : Teknologi Inovatif Berbasis Sumber Daya Lokal aBogor :bPusat Perpustakaan Dan Penyebaran Teknologi Pertanian,c2011 a246p. :bIlus ;c25.1 cm 4aPengembangan 4aTernak Ruminansia0 aEndang Setyorini aPerpustakaan BBRMP Jawa Timur a727/2026/BBRMPJATIM